000 00321nam a2200133Ia 4500
005 20251222144849.0
008 251222s9999||||xx |||||||||||||| ||spa||
020 _a0521-34864-1
082 _a425.03/D85/Ej.5
100 _aDoff, Adrian
245 0 _aTeach English:
264 _bCambridge University Press
942 _cLIB
999 _c21546
_d21546